| 000 | 005580000a22002050004500 | ||
|---|---|---|---|
| 999 |
_c4657 _d4657 |
||
| 003 | LSTLib | ||
| 008 | 200527b ||||| |||| 00| 0 eng d | ||
| 020 | _aNot given | ||
| 041 | _aeng | ||
| 082 | _a346.04 PRA | ||
| 100 |
_aPrakash, Saurabh Anand _93862 |
||
| 245 |
_aOur laws 6 _bProperty |
||
| 260 |
_aNew Delhi _bMultiple Action Research Group |
||
| 650 |
_aIndia _9256 |
||
| 650 |
_aWill _911740 |
||
| 650 |
_aProperty _9829 |
||
| 700 |
_aMehra, Sujata _93861 |
||
| 700 |
_aNarain, Vrinda _911741 |
||
| 942 |
_cBC _k346.04 _mPRA _2ddc |
||